000 00854nam a22002417a 4500
001 3553
003 FISKH
005 20240320083433.0
008 240320b cb ||||| |||| 00| 0 eng d
040 _aFISK
_beng
_cFISK
_dFISK
050 _aPZ7.L72256
082 _a511
100 _aLittle Griffiths Kimberley
_d1961-
245 _aThe healing spell /
_cKimberley Griffiths Little
260 _aNew York :
_bScholastic,
_c2011
300 _a354 pages :
_c20 cm
505 _aM
520 _aEleven-year-old tomboy Livie is sure that she is responsible for the accident that has put her mother into a coma, so, trying to make amends, she travels through the Louisiana swamps to get a spell that will make her mother well again.
521 8 _a800
_bLexile
700 _aKimberley Griffiths Little
942 _2ddc
_cBK
_n0
999 _c3553
_d3553